México und die Republiken von Central-America. (Record no. 4182)

MARC details
000 -CABECERA
campo de control de longitud fija 00838nam a2200241 a 4500
001 - NÚMERO DE CONTROL
campo de control BRCA_4476
005 - FECHA Y HORA DE LA ÚLTIMA TRANSACCIÓN
campo de control 20190320204702.0
008 - DATOS DE LONGITUD FIJA--INFORMACIÓN GENERAL
campo de control de longitud fija 080910c1851----gw-b######---#000-0#ger-#
041 ## - CÓDIGO DE LENGUA
Código de lengua del texto/banda sonora o título independiente ger
044 ## - CÓDIGO DEL PAÍS DE LA ENTIDAD EDITORA/PRODUCTORA
Código MARC del país gw
050 #4 - SIGNATURA TOPOGRÁFICA DE LA BIBLIOTECA DEL CONGRESO
Número de clasificación G1549
Número de documento/Ítem .M49 1851
245 10 - MENCIÓN DE TÍTULO
Título México und die Republiken von Central-America.
Medio material cartográfico
260 ## - PUBLICACIÓN, DISTRIBUCIÓN, ETC.
Lugar de publicación, distribución, etc. Múnich
Nombre del editor, distribuidor, etc. Weimar
Fecha de publicación, distribución, etc. 1851
300 ## - DESCRIPCIÓN FÍSICA
Extensión 3 mapas sobre un pliego
Otras características físicas il. a color
Dimensiones 66 x 58 cm., pleg. 13 x 20 cm.
500 ## - NOTA GENERAL
Nota general Escala 1:6000000; (O 100º - O 60º / No. 35º - No. 16º)
500 ## - NOTA GENERAL
Nota general En el anverso: Tehuantepec, eisebahn-project. -- Honduras, eisebahn project. -- Escala 1:2000000
500 ## - NOTA GENERAL
Nota general Mapa inventariado por Banco de México como libro
500 ## - NOTA GENERAL
Nota general CC4
650 14 - PUNTO DE ACCESO ADICIONAL DE MATERIA--TÉRMINO DE MATERIA
Término de materia o nombre geográfico como elemento de entrada Mapas
Subdivisión cronológica 1851
Subdivisión geográfica México
9 (RLIN) 11343
651 #4 - PUNTO DE ACCESO ADICIONAL DE MATERIA--NOMBRE GEOGRÁFICO
Nombre geográfico México
Subdivisión de forma Mapas
9 (RLIN) 4774
902 ## - CATALOGADOR
Iniciales GFM
942 ## - ELEMENTOS DE PUNTO DE ACCESO ADICIONAL (KOHA)
Fuente del sistema de clasificación o colocación Library of Congress Classification
Tipo de ítem Koha Libros
Holdings
Estado de retiro Estado de pérdida Estado dañado No para préstamo Localización permanente Ubicación/localización actual Fecha de adquisición Número de inventario Total de préstamos Signatura topográfica completa Código de barras Fecha visto por última vez Precio válido a partir de Tipo de ítem Koha
El ejemplar forma parte de la colección y puede ser consultado según las políticas vigentes.       Biblioteca del Museo Franz Mayer (Rogerio Casas-Alatriste) Biblioteca del Museo Franz Mayer (Rogerio Casas-Alatriste) 08/09/2010 CC4   G1549 .M49 1851 (CC4) 4473 22/03/2019 22/03/2019 Libros